00600nam a22001697a 450000500170000001000150001702000260003203500130005803700130007108200110008410000240009524501350011924600250025426000480027927000800032730000230040720151127105113.0 aENG-114155 c350.00a9789350353226 aEN-97687 bDBAD/PUB a349.54 aKrishna Iyer, V.R.  a98 not out ! :cby V.R. Krishna Iyerbcelebrating 98th year of living legend and his continuing legal learning and dissemination / aNinety eight not out aNew Delhi bUniversal Law Publishing c2013 aC-FF-1A, Dilkhush Industrial Estate, G.T. Karnal Road, bNew Delhi e110033 avi,165p.c25cm(Hb)